Statistics for 10 Biggest Cities in Myanmar

Click here to take the quiz!

General Stats

  • This quiz has been taken 98 times
  • The average score is 4 of 10

Answer Stats

PopulationCity% Correct
4 475 000Yangon
96%
1 210 000Mandalay
85%
925 000Naypyidaw
81%
245 000Bago
28%
175 000Sittwe
22%
235 000Pathein
19%
435 000Mawlamyine
14%
180 000Monywa
14%
175 000Myeik
8%
175 000Meiktila
3%

Score Distribution

Percentile by Number Answered

Percent of People with Each Score

Your Score History

You have not taken this quiz